A számok beszélnek beíratások: általában kevesebb lesz az elsős

Podrobná bibliografia
Hlavní autori: (f) (Autor), (mó) (Autor), (szi) (Autor), (kl) (Autor), (ba) (Autor)
Médium: Článok
Jazyk:maďarčina
Fyzický popis:Fotogr.
Predmet:

MARC

LEADER 00000nab a2200000 a 4500
001 vtls000657053
003 SK-MaSNL
005 20260318132734.0
008 160405c1998 xo 0 hun
015 |a SNBRA1998/03-07983 
035 |a CLN000009245 
040 |a SNKBUCL  |b slo  |c SNKBUCL  |e AACR2 
041 0 |a hun 
044 |a xo  |c SK 
080 |a 371.212.1:373.3(437.6=945.11)  |2 1997 
080 |a 373.3(437.6=945.11)  |2 1997 
245 0 0 |a A számok beszélnek  |b beíratások: általában kevesebb lesz az elsős  |c [szerző] (f) ... [et al.] 
300 |b Fotogr. 
650 0 7 |a základné školy s vyučovacím jazykom maďarským  |2 SNKPH  |9 87207 
655 7 |a články z novín a časopisov  |2 SNK  |9 267496 
700 0 |a (f)  |4 aut  |9 281879 
700 1 |a (mó)  |4 aut  |9 848469 
700 1 |a (szi)  |4 aut  |9 897677 
700 1 |a (kl)  |4 aut  |9 848353 
700 1 |a (ba)  |4 aut  |9 922393 
773 0 |t Szabad újság  |g Roč. 6, č. 9 (1998), s. 9 
850 |a Slovenská národná knižnica v Martine 
852 |a SNK  |b KIS3GCP 
958 |a HU 
958 |a SK 
958 |a RBX 
999 |c 2149129  |d 2151059